| 000 | 00866nam a2200229 a 4500 | ||
|---|---|---|---|
| 001 | 79222 | ||
| 003 | BD-RjUL | ||
| 005 | 20220119132251.0 | ||
| 008 | 220119s2021 bg ||||| |||| 00| 0 ben d | ||
| 020 |
_a9789840426522 _c: TK. 400.00 |
||
| 035 | _a(BD-RjUL)79222 | ||
| 040 |
_aBD-RjUL _bben _cBD-RjUL |
||
| 041 | _aben | ||
| 082 |
_223 _a954.9205092 _bHYB 2021 |
||
| 100 |
_aহাই,হাসনাত আবদুল _9809 |
||
| 245 | 0 | 1 |
_aবঙ্গবন্ধু - মুক্তিযুদ্ধ / _cহাসনাত আবদুল হাই |
| 260 |
_aঢাকা : _bআগামী প্রকাশনী, _c২০২১ |
||
| 300 |
_a১৭৫ পৃ. ; _c২৩ সেমি. |
||
| 600 |
_aমুজিবুর রহমান, _cশেখ, _d১৯২০-১৯৭৫ |
||
| 600 |
_aMujibur Rahman, _cSheikh, _d1920-1975 |
||
| 942 |
_2ddc _cBK |
||
| 999 |
_c79222 _d79222 |
||